| 000 | 00705nam a22002057a 4500 | ||
|---|---|---|---|
| 999 |
_c19211 _d19211 |
||
| 003 | AR-CdUCM | ||
| 008 | 190516b ||||| |||| 00| 0 spa d | ||
| 040 |
_aMUNICIPALIDAD PROVINCIAL DEL CUSCO _cBIBLIOTECA MUNICIPAL DEL CUSCO |
||
| 082 |
_25ed _a320.1 / _bH37 |
||
| 100 |
_aHeller, Hermann _940418 |
||
| 245 | _aTeoría del Estado / | ||
| 260 |
_aMéxico, D.F : _bFondo de Cultura Económica, _c1963. |
||
| 300 |
_a341 páginas ; _c20 cm. |
||
| 505 | _aContenido: Objeto y método de la teoría del Estado -- La realidad social -- El Estado. | ||
| 650 |
_aEstado _9738 |
||
| 650 |
_aCiencias políticas _927202 |
||
| 650 |
_aRealidad social _917262 |
||
| 942 |
_2ddc _cLIBROS |
||
| 945 |
_adavv _d2019-05-16 |
||